Rucci.
Guardado en:
| Formato: | |
|---|---|
| Materias: | |
| Etiquetas: |
Agregar Etiqueta
Sin Etiquetas, Sea el primero en etiquetar este registro!
|
| LEADER | 00872ngm a22002295g 4500 | ||
|---|---|---|---|
| 001 | CEM.cems022952 | ||
| 008 | 130507b2010##################0###0#####d | ||
| 005 | 20241127170855.0 | ||
| 245 | 0 | 0 | |a Rucci. |
| 300 | |a 29'. | ||
| 500 | |a En soporte VHS, consultar en ventanilla. | ||
| 505 | 0 | |a Biografía de Rucci, dirigente gremial. El vandorismo. Surgimiento de la CGT de los argentinos. Muerte de Vandor y elección de Rucci como secretario general de la CGT. Enfrentamiento con la regional Córdoba y con Montoneros. | |
| 538 | |a Soporte: VHS - Norma: Pal N - Color: Si - Grabación DRD 2010 - Hitachi=5250 | ||
| 082 | 9 | 8 | |/ OPE |
| 653 | |a RUCCI | ||
| 653 | |a SINDICALISMO | ||
| 653 | |a VANDORISMO | ||
| 653 | |a MONTONEROS | ||
| 653 | |a CGT | ||
| 653 | |a NIVEL PRIMARIO | ||
| 653 | |a NIVEL SECUNDARIO | ||
| 859 | |a CEMS |b BIB. CEMS - Depto. Recursos Didacticos |h 982 |i OPE |k DRD |p 1595.12 |t Ej.1 | ||
